| 000 | 00616nam a2200253Ia 4500 | ||
|---|---|---|---|
| 003 | OSt | ||
| 005 | 20221005124356.0 | ||
| 006 | a|||||r|||| 00| 0 | ||
| 007 | ta | ||
| 008 | 221004b |||||||| |||| 00| 0 tam d | ||
| 020 | _c6.50 | ||
| 024 | _a50443 | ||
| 037 | _cTextual | ||
| 040 |
_aCRL _cCRL _btam |
||
| 041 |
_2tam _atam |
||
| 082 | _aO31,3NPA2,1, L0 | ||
| 100 |
_aPazhanisami Au. _9635114 |
||
| 245 | 0 | _aMudalo mutio | |
| 260 | _c1970 | ||
| 300 |
_a288p. _ccm. |
||
| 650 | _aTAMIL FICTION | ||
| 942 |
_hO31,3NPA2,1, L0 _cTEXL _2cc |
||
| 999 |
_c1050277 _d1050277 |
||